Exposició d'obres escollides de Martí i Alsina
Descripción Física:
[5] pàgines : il·lustracions en blanc i negre ; 14 x 22'5 cm
Materias:
Fons Joan Junyer i Pascual (1909-1994)
; Art -- Exposicions
; Art -- Catàlegs
; Galeries d'art -- Catàlegs
Idioma:
Catalán
MARC
| LEADER | 00000nam a2200000 a 4500 | ||
|---|---|---|---|
| 001 | 24915 | ||
| 003 | AGDB | ||
| 005 | 20260324181544.0 | ||
| 008 | 260113b spa||||| |||| 00| 0 cat d | ||
| 040 | |a agdb |b cat | ||
| 041 | |a cat | ||
| 110 | |a Galeries Laietanes |9 72928 |e institució d'acollida | ||
| 245 | |a Exposició d'obres escollides de Martí i Alsina | ||
| 260 | |a Barcelona : |b Galeries Laietanes, |c [s.a.] | ||
| 300 | |a [5] pàgines : |b il·lustracions en blanc i negre ; |c 14 x 22'5 cm | ||
| 500 | |a Prové del fons Joan Junyer i Pascual (1909-1994) | ||
| 500 | |a Catàleg de l'exposició celebrada a les Galeries Laietanes, Barcelona, del 15 al 28 d'octubre (any desconegut) | ||
| 650 | |a Fons Joan Junyer i Pascual (1909-1994) |9 72777 | ||
| 650 | 0 | |a Art |x Exposicions |2 Arxiu |9 43798 | |
| 650 | 0 | |a Art |x Catàlegs |9 26592 | |
| 650 | 0 | |a Galeries d'art |x Catàlegs |9 72877 | |
| 942 | |2 udc |c ARXIU |n 1 | ||
| 952 | |0 0 |1 0 |2 udc |4 0 |6 F504341 |7 1 |9 98936 |a Arxiu |b Arxiu |d 2026-01-13 |l 0 |o F-504-341 |p 24915 |r 2026-01-13 13:22:33 |w 2026-01-13 |y ARXIU | ||
| 999 | |c 130604 |d 130604 | ||